1095 1924 1618 1192 1149 1498 1326 1299 1557 1268 1511 1126 1650 1435 1584 1568 1389 1460 1036 1403 1843 1075 1109 1589 1065 1382 1854 1308 1924 1676 1391 1185 1735 1787 1298 1958 1090 1309 1409 1867 1755 1050 1757 1111 1103 1187 1030 1273 1018 1537 1249 1457 1528 1541 1663 1411 1656 1025 1821 1093 1925 1418 1653 1720 1752 1988 1752 1342 1210 1216 1289 1291 1088 1358 1454 1833 1732 1332 1943 1055 1310 1696 1487 1341 1920 1570 1184 1154 1178 1181 1964 1009 1265 1079 1394 1902 1177 1766 1635 BCNSPRNW ULIB Ver.6.0+V

เปลี่ยนเป็นภาษาไทย

Change to English
 แสดงรายละเอียดบรรณานุกรม
  กลับหน้าหลัก

Brief Record : Get Marc (ISO 2709) : E-mail record : QR code < ปิดหน้าต่าง
LEADER : 00000nam 2200000uu 4500
001    13399112548
003     ULIB
008    110824s2554||||th 000 0 tha d
020    9786165020725
090    นว.^bบ111ซ 2554
100 0  baiboau
245 00 ซาตานหัวใจหิน/^cbaiboau
250    พิมพ์ครั้งที่ 1
260    กรุงเทพฯ :^bSugar Beat,^c2554
300    327 หน้า
945    ^p220^l0^i18517
995    กัณชพร
999    ^aใช้งานได้ทุกระบบ
รายการนี้ยังไม่มีแท็ก
คุณยังไม่ได้ล็อกอิน คุณสามารถมีกิจกรรมร่วมกับเว็บไซต์ได้ แต่ต้องล็อกอินก่อน ::
  ล็อกอิน

รายการสื่อสารสนเทศ

ลำดับที่ ประเภท เลขเรียก/บาร์โค้ด สถานที่ สถานะ
1. นวนิยาย
นวนิยาย
นว. บ111ซ 2554  
  Barcode: 18517
ห้องสมุดวิทยาเขตนครสวรรค์
►นวนิยาย:l:Fiction
บนชั้น

รายการใกล้เคียง
    ผู้แต่ง [baiboau]

BibComment


ยังไม่เคยถูกคอมเมนท์

คอมเมนท์ทรัพยากรรายการนี้
  คอมเมนท์: ซาตานหัวใจหิน bai..


 Copyright 2026. Bcnsprnw @Library